000 00759nas a2200241 4500
001 BR8001231
003 BR-BrBNA
005 20231205084204.0
007 ta
008 230509b bl.|||p| |||| 00| 00por d
040 _aBR-BrBNA
_bpor
_cBiblioteca Nacional de Agricultura
041 _a(Pt)
072 _aL32
100 1 _aSeiffert, N.F.
245 1 _aProducao de feno com forrageiras de verao
246 1 _a[Summer forage for haymaking]
650 _aIndustria alimenticia
650 _aPlanta forrageira
650 _aFeno
773 0 _tInforme Agropecuario - Empresa de Pesquisa Agropecuaria de Minas Gerais (Brazil)
_xISSN 0100-3364
_g(Apr 1980), v. 6(64) p. 8-11
_wBR8001231
909 _a202311
_bLúcia
_c55
_dLúcia Elande
942 _2AGRIS
_n0
_cANA
999 _c103670
_d103670